Countries who ever had an elected or appointed female head of state or government - Statistics

General Stats
  • This quiz has been taken 160 times
  • The average score is 54 of 90
Answer Stats
Country % Correct
2 United Kingdom
99%
2 India
90%
2 Australia
88%
3 Finland
88%
3 Norway
88%
1 Germany
87%
1 Pakistan
84%
5 Canada
83%
1 Denmark
82%
7 New Zealand
82%
2 Argentina
79%
1 France
79%
2 Ireland
78%
3 Iceland
77%
1 Brazil
76%
3 Poland
76%
1 Slovakia
75%
1 Chile
74%
2 Croatia
73%
1 Greece
73%
2 Israel
73%
1 Portugal
73%
1 Romania
73%
3 South Korea
73%
2 Austria
71%
1 Estonia
71%
2 Bangladesh
70%
3 Lithuania
70%
1 Slovenia
70%
1 Bulgaria
69%
2 Latvia
69%
7 Switzerland
68%
4 Peru
67%
1 China
66%
2 Serbia
66%
1 South Africa
66%
2 Sri Lanka
66%
1 Turkey
66%
1 Ukraine
66%
2 Bosnia and Herzegovina
64%
2 Malta
64%
1 Taiwan
64%
1 Indonesia
63%
1 Nepal
63%
1 Ecuador
62%
1 Costa Rica
60%
1 Dominica
60%
1 Panama
60%
3 Barbados
59%
1 Thailand
59%
4 Haiti
58%
2 Andorra
56%
1 Jamaica
56%
1 Kosovo
56%
2 Philippines
56%
2 Bahamas
55%
1 Georgia
55%
2 Moldova
55%
16 San Marino
55%
1 Singapore
54%
1 Bolivia
53%
1 Saint Lucia
53%
1 Saint Vincent and the Grenadines
53%
1 Guyana
52%
1 Myanmar
52%
1 Nicaragua
52%
2 Trinidad and Tobago
52%
2 Liberia
50%
1 Antigua and Barbuda
48%
1 Belize
48%
1 Grenada
48%
1 Macedonia
48%
2 Mongolia
48%
1 Namibia
48%
1 Burundi
42%
1 Rwanda
41%
1 Mali
40%
1 Mozambique
40%
2 Senegal
39%
1 Madagascar
38%
2 São Tomé and Príncipe
38%
1 Gabon
35%
2 Central African Republic
34%
2 Guinea-Bissau
34%
2 Mauritius
34%
1 Kyrgyzstan
33%
1 Marshall Islands
33%
1 Tuva
33%
1 Yugoslavia
26%
1 East Germany
16%
No matching quizzes found
Score Distribution
Percent of People with Each Score
Percentile by Number Answered
Your Score History
You have not taken this quiz